00418nam a22001217a 4500003000400000005001700004008004100021050002200062100002200084245010800106260005300214300002900267osT20140310182519.0130810t xxu||||| |||| 00| 0 eng d aQC 21b.F634 2009 aFlores, Editha E. aPhysics 1 : cEditha E. Flores, Pinky S. Lumba, Bernadette B. Sanchezblaboratory manual and workbook / aQuezon City :bC & E Publishing Company,cc2009. a143 p.:c26 cm. bill. ;